000 00592nam a2200205Ia 4500
003 IN-BaIIA
008 211028s9999 xx 000 0 eng d
020 _a0-306-11002-4
040 _cIIA Library
080 _a047.1:533.9
_bREV-12
100 _aLeontovich, M. A.
_910851
245 0 _aReviews of Plasma Physics
_bvol.12.
_c M. A.Leontovich
260 _aNew York
_bConsultants Bureau
_c1987
300 _aviii, 355p.
650 _aAstronomy and Astrophysics Thesaurus
650 _aMagnetohydrodynamics
_91666
650 _aPlasma physics
_93732
650 _aPlasmas
_91898
942 _cBK
999 _c9414
_d9414